[Event "Valasska Bystrice Open"]
[Site "?"]
[Date "2011.09.11"]
[Round "2.27"]
[White "Prokopova, Jirina"]
[Black "Badacova, Irena"]
[Result "1-0"]
[WhiteElo "1709"]
[BlackElo "1856"]
[PlyCount "113"]
[EventDate "2011.09.10"]

1. e4 d5 2. exd5 Nf6 3. d4 Nxd5 4. Nf3 g6 5. Bc4 Bg7 6. Be3 O-O 7. O-O Bg4 8.
h3 Bf5 9. Nc3 c6 10. Qd2 Nxe3 11. fxe3 b5 12. Bb3 a5 13. a3 Qb6 14. Nh4 Bd7 15.
Ne4 Na6 16. c4 Rad8 17. c5 Qc7 18. Ng5 e6 19. Ne4 a4 20. Ba2 e5 21. Nd6 Be6 22.
Bb1 f5 23. Nf3 e4 24. Ng5 Bd5 25. Ba2 Bxa2 26. Rxa2 Qe7 27. h4 Bf6 28. Nh3 Bxh4
29. Qd1 Nc7 30. b3 Qe6 31. Rb2 axb3 32. Nf4 Qf6 33. Qxb3+ Kg7 34. a4 Bg3 35.
Nxe4 fxe4 36. Nh5+ gxh5 37. Rxf6 Rxf6 38. axb5 Rdf8 39. Rb1 Nxb5 40. d5 Nc7 41.
d6 Nb5 42. Rd1 Rf2 43. d7 Bc7 44. Qe6 Nc3 45. Qe7+ R2f7 46. Qg5+ Kh8 47. d8=Q
Ne2+ 48. Kh1 Rxd8 49. Rxd8+ Bxd8 50. Qxd8+ Kg7 51. Qg5+ Kf8 52. Qh6+ Ke7 53.
Qd6+ Ke8 54. Qxc6+ Kf8 55. Qd6+ Kg7 56. c6 Ng3+ 57. Qxg3+ 1-0

[Event "Valasska Bystrice Open"]
[Site "?"]
[Date "2011.09.11"]
[Round "2.28"]
[White "Kolibik, Jan"]
[Black "Vanhara, Petr"]
[Result "0-1"]
[WhiteElo "1684"]
[BlackElo "1849"]
[PlyCount "109"]
[EventDate "2011.09.10"]

1. d4 d5 2. c4 c6 3. Nf3 Nf6 4. cxd5 cxd5 5. Nc3 Nc6 6. Bf4 Bf5 7. e3 e6 8. Bd3
Bxd3 9. Qxd3 Be7 10. h3 Rc8 11. O-O O-O 12. Rfc1 a6 13. Qd2 Nd7 14. e4 dxe4 15.
Nxe4 Nb6 16. Nc5 Bxc5 17. dxc5 Qxd2 18. Nxd2 Nd5 19. Bd6 Rfd8 20. Ne4 Nd4 21.
Kf1 Rd7 22. Nc3 Nxc3 23. Rxc3 Nb5 24. Rb3 Nxd6 25. cxd6 Rc6 26. Rd1 b5 27. Rbd3
f6 28. f4 Kf7 29. Ke2 g6 30. g4 Ke8 31. Ke3 Rc2 32. R1d2 Rxd2 33. Rxd2 Rb7 34.
Kd4 Kd7 35. Kc5 Rb8 36. Kb4 Rc8 37. b3 Rc6 38. Ka5 Rxd6 39. Rxd6+ Kxd6 40. Kxa6
Kc5 41. a4 bxa4 42. bxa4 e5 43. a5 e4 44. Kb7 e3 45. a6 e2 46. a7 e1=Q 47. a8=Q
Qe4+ 48. Ka7 Qxa8+ 49. Kxa8 Kd5 50. Kb7 Ke4 51. g5 fxg5 52. fxg5 Kf5 53. Kc6
Kxg5 54. Kd5 Kh4 55. Ke6 0-1

[Event "Valasska Bystrice Open"]
[Site "?"]
[Date "2011.09.11"]
[Round "2.29"]
[White "Klima, Martin"]
[Black "Horak, Karel"]
[Result "1/2-1/2"]
[WhiteElo "1655"]
[BlackElo "1828"]
[PlyCount "56"]
[EventDate "2011.09.10"]

1. c4 Nf6 2. Nc3 c5 3. Nf3 e6 4. e4 d6 5. d4 cxd4 6. Nxd4 Be7 7. Be2 O-O 8. O-O
Nbd7 9. Be3 a6 10. Kh1 Qc7 11. f4 Nb6 12. Qb3 Nfd7 13. Na4 Nxa4 14. Qxa4 Nf6
15. Qc2 b6 16. b3 Bb7 17. Bf3 Rac8 18. Rac1 Qb8 19. Qb1 Rfe8 20. f5 exf5 21.
Nxf5 Bd8 22. Ng3 Bc7 23. Bd4 Nd7 24. Qb2 Ne5 25. Rcd1 f6 26. Nf5 Rcd8 27. Qc2
Rd7 28. Rfe1 Bc8 1/2-1/2

[Event "Valasska Bystrice Open"]
[Site "?"]
[Date "2011.09.11"]
[Round "2.30"]
[White "Folta, Frantisek"]
[Black "Rùžièka, Václav"]
[Result "1-0"]
[WhiteElo "1816"]
[BlackElo "1682"]
[PlyCount "67"]
[EventDate "2011.09.10"]

1. c4 f5 2. Nc3 Nf6 3. d3 e5 4. e4 fxe4 5. Nxe4 Bb4+ 6. Bd2 Bxd2+ 7. Qxd2 O-O
8. Nf3 d6 9. Be2 Bg4 10. Nfg5 Bxe2 11. Ne6 Nxe4 12. dxe4 Qf6 13. Nxf8 Bxc4 14.
Rc1 Bxa2 15. Rxc7 Qxf8 16. Rxb7 Nc6 17. b3 Bxb3 18. Rxb3 Nd4 19. Rb1 a5 20. O-O
a4 21. f4 Qe7 22. fxe5 dxe5 23. Qa2+ Qe6 24. Qxa4 Rc8 25. Qa7 Ne2+ 26. Kh1 Nf4
27. g3 Ne2 28. Rb2 Nxg3+ 29. hxg3 Qh3+ 30. Kg1 Qe6 31. Rb8 h6 32. Rxc8+ Qxc8
33. Qf7+ Kh7 34. Qf5+ 1-0

[Event "Valasska Bystrice Open"]
[Site "?"]
[Date "2011.09.11"]
[Round "2.31"]
[White "Kovarik, Matyas"]
[Black "Korinek, Jaroslav"]
[Result "0-1"]
[WhiteElo "1553"]
[BlackElo "1792"]
[PlyCount "54"]
[EventDate "2011.09.10"]

1. e4 c5 2. Nc3 Nc6 3. g3 Nf6 4. Bg2 e6 5. f4 d6 6. d3 Rb8 7. b3 Bd7 8. Bb2 Be7
9. Nf3 Ng4 10. Qd2 b5 11. h3 Nh6 12. g4 f6 13. O-O O-O 14. Qe3 Nb4 15. Rf2 Nf7
16. Kh1 d5 17. exd5 exd5 18. Qe2 Re8 19. a3 d4 20. axb4 dxc3 21. Bxc3 cxb4 22.
Bd4 a5 23. Qd2 Bc6 24. c3 a4 25. cxb4 Bxf3 26. Bxf3 Qxd4 27. Re1 Bxb4 0-1

[Event "Valasska Bystrice Open"]
[Site "?"]
[Date "2011.09.11"]
[Round "2.32"]
[White "Glacner, Karel"]
[Black "Kamarad, Frantisek"]
[Result "1/2-1/2"]
[WhiteElo "1788"]
[BlackElo "1577"]
[PlyCount "142"]
[EventDate "2011.09.10"]

1. Nf3 Nc6 2. c4 e5 3. Nc3 Nf6 4. a3 d5 5. cxd5 Nxd5 6. d4 Nxc3 7. bxc3 e4 8.
Nd2 f5 9. e3 Be6 10. c4 Bf7 11. d5 Ne5 12. Qb3 Qf6 13. Bb2 b6 14. Qb5+ Kd8 15.
Be2 g5 16. f4 exf3 17. Nxf3 Bd6 18. Nd4 Ke7 19. O-O Be8 20. Nxf5+ Qxf5 21. Rxf5
Bxb5 22. cxb5 Rhf8 23. Rxg5 Ng6 24. a4 Bc5 25. Ba3 Kd6 26. Bxc5+ Kxc5 27. Rc1+
Kd6 28. Rc6+ Kd7 29. Bg4+ Kd8 30. Be6 a6 31. d6 cxd6 32. Rxd6+ Ke7 33. Rxb6
axb5 34. Rgxb5 Rxa4 35. h3 Re4 36. Bf5 Rxe3 37. Bxg6 hxg6 38. Rxg6 Re8 39. Rb7+
Kf8 40. Rf6+ Kg8 41. Kh2 R3e6 42. Rff7 Re3 43. Rg7+ Kh8 44. Rg3 R3e4 45. Rb5
R4e5 46. Rxe5 Rxe5 47. Rg4 Re6 48. h4 Kh7 49. Kh3 Kh6 50. g3 Re5 51. Rg8 Rb5
52. Kg4 Rb4+ 53. Kf5 Rb5+ 54. Kg4 Rb4+ 55. Kh3 Rb5 56. Re8 Kg6 57. Re4 Rd5 58.
Kg4 Kf6 59. Rc4 Rd6 60. h5 Rb6 61. Rf4+ Kg7 62. Kg5 Ra6 63. g4 Rb6 64. Rc4 Ra6
65. Rc7+ Kg8 66. h6 Kh8 67. Kh5 Ra5+ 68. g5 Rb5 69. Kg6 Rb6+ 70. Kf7 Kh7 71.
Kf8+ Kh8 1/2-1/2

[Event "Valasska Bystrice Open"]
[Site "?"]
[Date "2011.09.11"]
[Round "2.33"]
[White "Mlady, Pavel"]
[Black "Vaculik, Jakub"]
[Result "0-1"]
[WhiteElo "1429"]
[BlackElo "1783"]
[PlyCount "122"]
[EventDate "2011.09.10"]

1. e4 e5 2. Nf3 Nc6 3. Bb5 a6 4. Ba4 Nf6 5. O-O Be7 6. Re1 b5 7. Bb3 O-O 8. c3
d5 9. exd5 Nxd5 10. d4 exd4 11. Nxd4 Nxd4 12. Qxd4 Bb7 13. Nd2 Bf6 14. Qg4 Be7
15. Nf1 Kh8 16. Ne3 Nxe3 17. Bxe3 f5 18. Qh5 Qe8 19. Qxe8 Raxe8 20. Rad1 Bd6
21. f3 h6 22. h3 Bg3 23. Bf2 Bd6 24. Kf1 Kh7 25. Re6 Bc8 26. Ree1 Kg6 27. Bh4
Kh7 28. Bf2 g5 29. Rd2 Rxe1+ 30. Kxe1 Re8+ 31. Re2 Rxe2+ 32. Kxe2 Bf4 33. Be3
Bd6 34. Kd3 c5 35. Bd5 Kg6 36. a3 Kf6 37. c4 f4 38. Bd2 Be5 39. Bc3 Bxc3 40.
Kxc3 Ke5 41. Bc6 bxc4 42. Kxc4 Kd6 43. Be4 Be6+ 44. Kc3 a5 45. Bb7 h5 46. Be4
Bf7 47. Bf5 Kd5 48. Be4+ Ke5 49. Bd3 Be8 50. Kc4 Kd6 51. Bf5 a4 52. Be4 h4 53.
Bc2 Bd7 54. b4 axb3 55. Bxb3 Bc6 56. Bd1 Bb7 57. a4 Ba6+ 58. Kc3 Bf1 59. Bc2
Bxg2 60. Be4 Bxh3 61. a5 Bc8 0-1

[Event "Valasska Bystrice Open"]
[Site "?"]
[Date "2011.09.11"]
[Round "2.34"]
[White "Sedivy, Ondrej"]
[Black "Capil, Dalibor"]
[Result "1-0"]
[WhiteElo "1782"]
[BlackElo "1461"]
[PlyCount "67"]
[EventDate "2011.09.10"]

1. c4 c5 2. Nc3 d6 3. g3 Nc6 4. Bg2 Bd7 5. e3 Nf6 6. Nge2 g6 7. O-O Bg7 8. d4
b6 9. b3 Qc8 10. Bb2 O-O 11. Nf4 Bh6 12. dxc5 Bxf4 13. exf4 dxc5 14. Nd5 Nh5
15. Re1 Re8 16. Qd2 Rb8 17. Qc3 f6 18. Rad1 e5 19. Nxf6+ Nxf6 20. fxe5 Nd4 21.
exf6 Kf7 22. Qd2 Rxe1+ 23. Rxe1 Ne6 24. Qd6 Qe8 25. Bd5 Rd8 26. Qe5 Bc8 27. f4
Qd7 28. f5 gxf5 29. Qxf5 Rh8 30. Qh5+ Kf8 31. Qh6+ Kf7 32. Qg7+ Ke8 33. Qxh8+
Kf7 34. Bxe6+ 1-0

[Event "Valasska Bystrice Open"]
[Site "?"]
[Date "2011.09.11"]
[Round "3.1"]
[White "Michalcak, Lubomir"]
[Black "Cagasik, Tomas"]
[Result "1/2-1/2"]
[WhiteElo "2100"]
[BlackElo "2296"]
[PlyCount "108"]
[EventDate "2011.09.10"]

1. d4 Nf6 2. c4 e6 3. g3 d5 4. Bg2 dxc4 5. Qa4+ Bd7 6. Qxc4 Bc6 7. Nf3 Nbd7 8.
O-O Be7 9. Nc3 O-O 10. Bf4 Bd6 11. Bxd6 cxd6 12. Qb4 Nb6 13. Rac1 Qd7 14. Rfe1
Bxf3 15. Bxf3 d5 16. b3 Rfc8 17. a4 Qd8 18. a5 Nbd7 19. e3 a6 20. Na4 Rc7 21.
Nb6 Nxb6 22. axb6 Rcc8 23. Rc5 Nd7 24. Rxc8 Rxc8 25. e4 Qxb6 26. Qe7 dxe4 27.
Bh5 g6 28. Qxd7 Rd8 29. Qe7 gxh5 30. Rxe4 Rxd4 31. Re5 Rd1+ 32. Kg2 Qc6+ 33.
Kh3 Rd5 34. Rg5+ Rxg5 35. Qxg5+ Kf8 36. Qxh5 Qd5 37. Qh6+ Ke7 38. Qh4+ Kd6 39.
Qd8+ Kc6 40. Qc8+ Kb5 41. Qc3 Qc5 42. Qd3+ Kb4 43. Qe4+ Ka3 44. Qa4+ Kb2 45. f4
Qb5 46. Qd4+ Kxb3 47. Kh4 Qd5 48. Qb6+ Ka4 49. Qb2 Ka5 50. Qa1+ Kb6 51. Qb1+
Ka7 52. Qxh7 Qd8+ 53. Kh3 Qd7 54. Qe4 b5 1/2-1/2

[Event "Valasska Bystrice Open"]
[Site "?"]
[Date "2011.09.11"]
[Round "3.2"]
[White "Kunc, Miroslav"]
[Black "Obsivac, Josef"]
[Result "0-1"]
[WhiteElo "2094"]
[BlackElo "2274"]
[PlyCount "86"]
[EventDate "2011.09.10"]

1. d4 Nf6 2. c4 c6 3. Nc3 d5 4. e3 e6 5. Bd3 dxc4 6. Bxc4 b5 7. Bd3 a6 8. Nf3
c5 9. dxc5 Bxc5 10. Qc2 Nc6 11. a3 Bb7 12. O-O Rc8 13. Rd1 Qe7 14. b4 Bd6 15.
Bb2 Ne5 16. Qe2 Nxf3+ 17. gxf3 O-O 18. Ne4 Nxe4 19. fxe4 f5 20. f3 fxe4 21.
Bxe4 Bxe4 22. fxe4 Rc4 23. Qg2 e5 24. Rd2 Rf6 25. Kh1 Rg6 26. Qf3 Qf7 27. Qh3
Qb7 28. Qf3 Qxe4 29. Qxe4 Rxe4 30. Rad1 Be7 31. Rd5 Re6 32. R1d3 Bg5 33. Kg2
Rxe3 34. Rxe3 Bxe3 35. Bxe5 Bc1 36. Bc3 Re2+ 37. Kf1 Rxh2 38. Rd8+ Kf7 39. Rd7+
Ke6 40. Rxg7 Kd5 41. Rc7 Bxa3 42. Rc5+ Ke4 43. Be1 Rh1+ 0-1

[Event "Valasska Bystrice Open"]
[Site "?"]
[Date "2011.09.11"]
[Round "3.3"]
[White "Snyta, Zdenek"]
[Black "Balacek, Tadeas"]
[Result "1/2-1/2"]
[WhiteElo "2076"]
[BlackElo "2245"]
[PlyCount "52"]
[EventDate "2011.09.10"]

1. e4 e6 2. d3 d5 3. Nd2 c5 4. g3 Nc6 5. Bg2 Nf6 6. f4 Be7 7. Nh3 O-O 8. Nf2
Rb8 9. O-O b5 10. g4 dxe4 11. dxe4 c4 12. g5 Nd7 13. Nf3 Bc5 14. Qe2 Qb6 15.
Kh1 Bb7 16. Ng4 Rfc8 17. h4 c3 18. bxc3 Ba6 19. Rd1 b4 20. c4 Nd4 21. Nxd4 Bxd4
22. Be3 Bxc4 23. Qf2 Bxe3 24. Qxe3 Qc7 25. a3 bxa3 26. Rxa3 Nb6 1/2-1/2

[Event "Valasska Bystrice Open"]
[Site "?"]
[Date "2011.09.11"]
[Round "3.4"]
[White "Simek, Jiri"]
[Black "Volodin, Viktor"]
[Result "0-1"]
[WhiteElo "2058"]
[BlackElo "2210"]
[PlyCount "132"]
[EventDate "2011.09.10"]

1. e4 c5 2. Nf3 a6 3. d4 cxd4 4. Nxd4 Nf6 5. Nc3 e5 6. Nf3 Nc6 7. Bd3 Bb4 8.
O-O Bxc3 9. bxc3 d6 10. h3 h6 11. Be3 O-O 12. c4 b6 13. Rb1 Rb8 14. Qe2 Qc7 15.
Nd2 Be6 16. f4 exf4 17. Bxf4 Nh7 18. Qf2 Ne5 19. Qd4 Rfc8 20. Bg3 Qc5 21. Qxc5
bxc5 22. a3 Nf8 23. Kf2 Nfd7 24. Bf4 Kf8 25. Ke3 Ke7 26. Rb3 Nc6 27. Rfb1 f6
28. Rxb8 Rxb8 29. Rxb8 Ndxb8 30. Nb3 a5 31. a4 Nd7 32. Kf2 Nb6 33. Bd2 Nxa4 34.
Nxa5 Nxa5 35. Bxa5 Nb2 36. Bd2 Bxc4 37. Ke3 Bxd3 38. cxd3 Ke6 39. Bc1 Na4 40.
Bd2 Nb6 41. Ba5 Nd7 42. Bc3 Ne5 43. d4 Nd7 44. g3 g6 45. h4 h5 46. Kf4 cxd4 47.
Bxd4 Nc5 48. Ke3 Ke7 49. Bc3 Ne6 50. Bb4 Kd7 51. Bc3 f5 52. Bf6 Kc6 53. Bb2 Nc5
54. exf5 gxf5 55. Bc3 Ne6 56. Bf6 Kd5 57. Bb2 Kc4 58. Bf6 d5 59. Be5 d4+ 60.
Bxd4 Nxd4 61. Kf4 Kd5 62. Kg5 Ke5 63. Kxh5 Ne2 64. g4 Nf4+ 65. Kg5 Ne6+ 66. Kh5
f4 0-1

[Event "Valasska Bystrice Open"]
[Site "?"]
[Date "2011.09.11"]
[Round "3.5"]
[White "Fiala, Jan"]
[Black "Parak, Dominik"]
[Result "0-1"]
[WhiteElo "1932"]
[BlackElo "2160"]
[PlyCount "122"]
[EventDate "2011.09.10"]

1. e4 e6 2. d4 d5 3. Nc3 Bb4 4. e5 Qd7 5. a3 Bxc3+ 6. bxc3 b6 7. Qg4 f5 8. Qg3
Ba6 9. Bd3 Bxd3 10. cxd3 Nc6 11. Ne2 O-O-O 12. O-O Qf7 13. Be3 Nge7 14. Bg5 h6
15. Bxe7 Nxe7 16. f4 Rdg8 17. c4 g5 18. Qe3 Rh7 19. a4 Rhg7 20. a5 h5 21. axb6
axb6 22. Rfb1 Kd7 23. c5 bxc5 24. dxc5 Nc6 25. d4 gxf4 26. Nxf4 Rg4 27. Rb2 h4
28. Raa2 Qh7 29. Ra6 Qh6 30. Nxd5 Qxe3+ 31. Nxe3 Rxd4 32. Nxf5 Rd1+ 33. Kf2
Nxe5 34. c6+ Nxc6 35. Rxc6 exf5 36. Rbc2 Rd2+ 37. Kf3 Rxc2 38. Rxc2 Rg7 39. Kf4
Ke6 40. Re2+ Kd5 41. Rd2+ Kc4 42. Rc2+ Kd4 43. Rc6 Kd5 44. Rc2 c5 45. Ke3 c4
46. Rf2 Ke5 47. Kd2 Rg4 48. Kc3 Re4 49. Rd2 Kf4 50. Rf2+ Kg4 51. Rd2 h3 52.
gxh3+ Kxh3 53. Rf2 f4 54. Kb4 Kg4 55. Kc3 f3 56. Kb4 Kf4 57. Kc3 Ke3 58. Rd2 f2
59. Rd1 Ke2 60. Rd2+ Kf3 61. Rd1 Re1 0-1

[Event "Valasska Bystrice Open"]
[Site "?"]
[Date "2011.09.11"]
[Round "3.6"]
[White "Mrva, Vladimir"]
[Black "Horak, Karel"]
[Result "0-1"]
[WhiteElo "2157"]
[BlackElo "2051"]
[PlyCount "70"]
[EventDate "2011.09.10"]

1. e4 c5 2. Nf3 d6 3. Bb5+ Nc6 4. O-O Bd7 5. Re1 Nf6 6. h3 a6 7. Bf1 g5 8. e5
Nxe5 9. Nxg5 h6 10. Ne4 Nxe4 11. Rxe4 Bc6 12. Re3 h5 13. d3 Qd7 14. Nc3 Bh6 15.
Re1 Bxc1 16. Rxc1 Rg8 17. Re3 Qf5 18. Rg3 O-O-O 19. Ne4 h4 20. Rxg8 Rxg8 21.
Kh1 Bxe4 22. dxe4 Qxf2 23. Qe1 Qf4 24. Rd1 Rg3 25. Rd2 Re3 26. Re2 Nc4 27. Rxe3
Nxe3 28. Bd3 c4 29. Be2 Kb8 30. Bf3 Nxc2 31. Qc3 Ne3 32. Qh8+ Ka7 33. Qd4+ b6
34. a4 Nf1 35. a5 Qh2# 0-1

[Event "Valasska Bystrice Open"]
[Site "?"]
[Date "2011.09.11"]
[Round "3.7"]
[White "Jasny, Stanislav"]
[Black "Vorobyov, Yrij"]
[Result "0-1"]
[WhiteElo "1858"]
[BlackElo "2155"]
[PlyCount "74"]
[EventDate "2011.09.10"]

1. e4 c5 2. Nf3 a6 3. Nc3 e6 4. d4 cxd4 5. Nxd4 b5 6. a3 Bb7 7. Be3 Qc7 8. f3
Nf6 9. Qd2 b4 10. Nb1 bxa3 11. Nxa3 d5 12. exd5 Nxd5 13. Bf2 Bd6 14. c4 Bb4 15.
cxd5 Bxd2+ 16. Kxd2 Qa5+ 17. Ke3 e5 18. Ndc2 Qc5+ 19. Ke2 Qxd5 20. Rd1 Qe6 21.
Be3 e4 22. f4 O-O 23. Kf2 Nc6 24. Bc4 Qf6 25. Rhf1 Rad8 26. g3 Rxd1 27. Rxd1
Rd8 28. Rxd8+ Qxd8 29. Be2 Qf6 30. Nc4 g5 31. Kg1 h6 32. Kg2 a5 33. Ne5 Nxe5
34. fxe5 Qxe5 35. Bd4 e3+ 36. Bf3 Bxf3+ 37. Kxf3 Qf5+ 0-1

[Event "Valasska Bystrice Open"]
[Site "?"]
[Date "2011.09.11"]
[Round "3.8"]
[White "Moravec, Vit"]
[Black "Maly, Marek"]
[Result "1/2-1/2"]
[WhiteElo "2144"]
[BlackElo "1996"]
[PlyCount "48"]
[EventDate "2011.09.10"]

1. e4 e6 2. Nf3 d5 3. e5 c5 4. b4 cxb4 5. a3 Nc6 6. axb4 Bxb4 7. c3 Be7 8. d4
Bd7 9. Bd3 a6 10. O-O Rc8 11. h4 f6 12. exf6 Nxf6 13. Qe2 O-O 14. Ng5 Re8 15.
Qc2 Ne4 16. Bxe4 dxe4 17. Qxe4 Bxg5 18. Bxg5 Qb6 19. Nd2 Ne7 20. c4 Nf5 21. c5
Qc6 22. Qe5 Qd5 23. Qxd5 exd5 24. Nf3 Re4 1/2-1/2

[Event "Valasska Bystrice Open"]
[Site "?"]
[Date "2011.09.11"]
[Round "3.9"]
[White "Karlik, Vladimir"]
[Black "Alfimov, Igor"]
[Result "1-0"]
[WhiteElo "2286"]
[BlackElo "1888"]
[PlyCount "121"]
[EventDate "2011.09.10"]

1. d4 d5 2. Bf4 Nf6 3. e3 Bf5 4. c4 e6 5. Nc3 Bd6 6. Bg3 c6 7. Nf3 Bxg3 8. hxg3
Nbd7 9. Nh4 Qa5 10. Nxf5 exf5 11. cxd5 Nxd5 12. Qd2 N7f6 13. Bd3 g6 14. Rc1 O-O
15. O-O Rac8 16. Rfd1 Nxc3 17. bxc3 Rfd8 18. Qb2 Rd7 19. Qb4 Qxb4 20. cxb4 Nd5
21. a3 Rdc7 22. Rd2 Kf8 23. Rdc2 Ke7 24. f3 Nf6 25. Kf2 Rd7 26. Bc4 h5 27. Bb3
Rcd8 28. Rc5 Rd6 29. a4 Nd5 30. b5 Nb4 31. Ke2 f6 32. bxc6 Rxc6 33. R1c4 Rxc5
34. Rxc5 Rd7 35. Rc8 g5 36. Rh8 Rc7 37. Kd2 f4 38. gxf4 gxf4 39. exf4 Rd7 40.
Rxh5 Rxd4+ 41. Kc3 Rxf4 42. g3 Rxf3+ 43. Kxb4 Kd6 44. Rd5+ Kc6 45. Rc5+ Kd6 46.
Rc3 a5+ 47. Kc4 Rf5 48. Rd3+ Kc6 49. Rd4 Rg5 50. Rf4 Rxg3 51. Rxf6+ Kc7 52. Bd1
Rg1 53. Bc2 Rg4+ 54. Kb5 Rg5+ 55. Bf5 Rg8 56. Kxa5 Ra8+ 57. Kb5 Ra7 58. a5 Kd8
59. Bd3 Kc7 60. Rf7+ Kb8 61. Kb6 1-0

[Event "Valasska Bystrice Open"]
[Site "?"]
[Date "2011.09.11"]
[Round "3.10"]
[White "Vrana, Frantisek"]
[Black "Drabek, Miloslav"]
[Result "1-0"]
[WhiteElo "2249"]
[BlackElo "2005"]
[PlyCount "138"]
[EventDate "2011.09.10"]

1. e4 d6 2. d4 Nf6 3. Nc3 g6 4. Bg5 Bg7 5. e5 Nfd7 6. f4 Nb6 7. Bd3 O-O 8. Nge2
Nc6 9. O-O f6 10. exf6 exf6 11. Bh4 Nb4 12. Be4 d5 13. Bf3 Bf5 14. Rc1 c6 15.
Be1 Qd6 16. Ng3 Be6 17. f5 Bf7 18. b3 Rfe8 19. Qd2 Na6 20. a4 Qf8 21. Qf2 Bh6
22. Bd2 Bxd2 23. Qxd2 Qb4 24. Bg4 g5 25. h4 h6 26. hxg5 hxg5 27. Bh5 Bxh5 28.
Nxh5 Kf7 29. Rce1 Nd7 30. Ng3 Nc7 31. Nge2 Qd6 32. Qd3 Rh8 33. Ng3 Rae8 34. Re3
Rxe3 35. Qxe3 Re8 36. Qf3 Rh8 37. Re1 Qf4 38. Qd3 Re8 39. Rxe8 Nxe8 40. Nce2
Qg4 41. c4 Nc7 42. c5 Qh4 43. Qe3 Qh8 44. Nf1 Kg7 45. Qg3 Ne8 46. Nf4 Nf8 47.
Ne2 Nd7 48. Qe3 Qf8 49. Nh2 Nc7 50. Kf2 Qe8 51. Qg3 Qd8 52. Ng4 Ne8 53. Qh2 Nf8
54. Qh5 Qe7 55. Ng3 Qf7 56. Qh6+ Kg8 57. Qh1 Qh7 58. Qe1 Qd7 59. Qxe8 Qxe8 60.
Nxf6+ Kf7 61. Nxe8 Kxe8 62. Kf3 Kf7 63. Kg4 Nh7 64. b4 Kf6 65. b5 Kf7 66. bxc6
bxc6 67. a5 Kf6 68. a6 Ke7 69. Nh5 Kf7 1-0

[Event "Valasska Bystrice Open"]
[Site "?"]
[Date "2011.09.11"]
[Round "3.11"]
[White "Riska, Lubomir"]
[Black "Rucka, Petr"]
[Result "1-0"]
[WhiteElo "2232"]
[BlackElo "1942"]
[PlyCount "61"]
[EventDate "2011.09.10"]

1. Nf3 Nf6 2. c4 g6 3. Nc3 Bg7 4. e4 d6 5. d4 O-O 6. Be2 e5 7. O-O Nc6 8. d5
Ne7 9. b4 Nd7 10. a4 f5 11. Ng5 Nf6 12. Bf3 f4 13. c5 dxc5 14. bxc5 h6 15. Ne6
Bxe6 16. dxe6 g5 17. Rb1 Qd4 18. Qb3 Qd8 19. Rd1 Qe8 20. Nd5 Rb8 21. Nxc7 Qg6
22. Nd5 Nfxd5 23. exd5 g4 24. Be2 f3 25. Bf1 fxg2 26. Bxg2 Rf3 27. Be3 e4 28.
d6 Nf5 29. d7 Kh7 30. d8=Q Rxd8 31. Rxd8 1-0

[Event "Valasska Bystrice Open"]
[Site "?"]
[Date "2011.09.11"]
[Round "3.12"]
[White "Juricek, Stanislav"]
[Black "Foukal, Jiri"]
[Result "1/2-1/2"]
[WhiteElo "2131"]
[BlackElo "1915"]
[PlyCount "90"]
[EventDate "2011.09.10"]

1. e4 e6 2. d4 d5 3. Nc3 Bb4 4. e5 Ne7 5. Bd2 c5 6. Nb5 Bxd2+ 7. Qxd2 O-O 8. f4
cxd4 9. Nf3 Nbc6 10. Nbxd4 Nxd4 11. Nxd4 a6 12. Be2 Bd7 13. O-O Qb6 14. c3 Nf5
15. Kh1 Nxd4 16. cxd4 Rac8 17. Rfc1 Rxc1+ 18. Rxc1 Rc8 19. Rxc8+ Bxc8 20. Qc3
Bd7 21. Kg1 h6 22. Kf2 Qc6 23. Qxc6 Bxc6 24. Ke3 a5 25. h4 Kf8 26. g4 Ke7 27.
Bd3 f6 28. f5 Ba4 29. b3 Be8 30. Kf4 b5 31. g5 hxg5+ 32. hxg5 fxg5+ 33. Kxg5 b4
34. f6+ Kf8 35. Be2 Bd7 36. Ba6 Kg8 37. Be2 Kf8 38. Bg4 Kf7 39. Bh5+ Kf8 40.
Bg6 Bc6 41. Bd3 Kf7 42. Be2 Kg8 43. Bg4 Bd7 44. Kf4 Kf7 45. Bh5+ Kf8 1/2-1/2

[Event "Valasska Bystrice Open"]
[Site "?"]
[Date "2011.09.11"]
[Round "3.13"]
[White "Hrabal, Michal"]
[Black "Beran, Petr"]
[Result "1-0"]
[WhiteElo "2046"]
[BlackElo "2086"]
[PlyCount "43"]
[EventDate "2011.09.10"]

1. e4 c6 2. d3 d5 3. Nd2 e5 4. Ngf3 Bd6 5. g3 Ne7 6. Bg2 O-O 7. O-O Bg4 8. h3
Bd7 9. Re1 Qc7 10. exd5 cxd5 11. c4 d4 12. a3 a5 13. Ne4 Nec6 14. Nfg5 Bf5 15.
g4 Bd7 16. Ng3 Na6 17. Be4 h6 18. Nh7 Rfd8 19. g5 hxg5 20. Qh5 Nc5 21. Nxg5
Nxe4 22. Qxf7+ 1-0

[Event "Valasska Bystrice Open"]
[Site "?"]
[Date "2011.09.11"]
[Round "3.14"]
[White "Cizinsky, Petr"]
[Black "Vanhara, Petr"]
[Result "1-0"]
[WhiteElo "2178"]
[BlackElo "1849"]
[PlyCount "79"]
[EventDate "2011.09.10"]

1. e4 e5 2. Nf3 Nc6 3. Bb5 a6 4. Ba4 Nf6 5. O-O Be7 6. Re1 b5 7. Bb3 d6 8. c3
O-O 9. h3 Bb7 10. d3 Re8 11. Ng5 Rf8 12. Nf3 Re8 13. Nbd2 Bf8 14. Nf1 Na5 15.
Bc2 c5 16. Ng3 g6 17. Bg5 h6 18. Be3 Qc7 19. Qd2 Kh7 20. a4 Bg7 21. Nh4 d5 22.
Qe2 d4 23. Bd2 Nc6 24. Rf1 Qe7 25. Nf3 Qd6 26. Bb3 Qd7 27. cxd4 Nxd4 28. Nxd4
cxd4 29. f4 Rac8 30. axb5 axb5 31. fxe5 Rxe5 32. Rf3 Rc6 33. Raf1 Qe7 34. Qf2
Qd7 35. Ne2 Re8 36. Bb4 Rd8 37. e5 Ra6 38. Rf4 Nd5 39. Rxf7 Qc6 40. Nxd4 1-0

[Event "Valasska Bystrice Open"]
[Site "?"]
[Date "2011.09.11"]
[Round "3.15"]
[White "Korinek, Jaroslav"]
[Black "Sramek, Josef"]
[Result "1-0"]
[WhiteElo "1792"]
[BlackElo "2142"]
[PlyCount "79"]
[EventDate "2011.09.10"]

1. e4 c5 2. Nf3 d6 3. d4 cxd4 4. Nxd4 Nf6 5. Nc3 a6 6. Be2 e5 7. Nb3 b5 8. Bg5
Be7 9. Qd2 Be6 10. f4 Nbd7 11. f5 Bc4 12. Bf3 Rc8 13. a3 O-O 14. g3 a5 15. h4
b4 16. axb4 axb4 17. Nd5 Bxd5 18. exd5 Nb6 19. Bxf6 Bxf6 20. Be4 Rc4 21. Qe2
Qc7 22. g4 Nxd5 23. Bxd5 Rxc2 24. Qe3 e4 25. Ra7 Qd8 26. g5 Bxb2 27. Qxe4 Rc8
28. g6 Qf6 29. gxf7+ Kh8 30. Re7 Bc3+ 31. Kf1 Be5 32. Ra7 Rc3 33. Be6 h6 34.
Ra8 Qe7 35. Rxf8+ Qxf8 36. Ke2 Bf6 37. Rc1 Kh7 38. Rxc3 bxc3 39. Qc6 Qb8 40.
Qe8 1-0

[Event "Valasska Bystrice Open"]
[Site "?"]
[Date "2011.09.11"]
[Round "3.16"]
[White "Papan, Cyril"]
[Black "Folta, Frantisek"]
[Result "1/2-1/2"]
[WhiteElo "2086"]
[BlackElo "1816"]
[PlyCount "90"]
[EventDate "2011.09.10"]

1. d4 d5 2. c4 e6 3. Nc3 Nf6 4. Nf3 Be7 5. Bf4 c6 6. e3 Nbd7 7. Rc1 Nh5 8. Bg3
Nxg3 9. hxg3 Nf6 10. Qc2 h6 11. Be2 Qa5 12. O-O O-O 13. a3 Bd7 14. Ne5 Qd8 15.
Rcd1 Rc8 16. Qb1 Qc7 17. b4 dxc4 18. Nxc4 Nd5 19. Ne4 f5 20. Nc5 Nc3 21. Qd3
Nxd1 22. Rxd1 Rf6 23. Qb3 b6 24. Nd3 Rd8 25. Nf4 Be8 26. Rc1 Kh7 27. Ne5 Rd6
28. Bc4 Qc8 29. Qb1 g6 30. Be2 Rd8 31. Bf3 c5 32. bxc5 bxc5 33. dxc5 Qa6 34.
Qb7 Qxb7 35. Bxb7 Rb8 36. Bc6 Bxc6 37. Nxc6 Rb7 38. Nd3 Rf8 39. Nxe7 Rxe7 40.
Ne5 Rc8 41. c6 Kg7 42. Rb1 Rec7 43. f4 Kf6 44. Kf2 Rxc6 45. Nxc6 Rxc6 1/2-1/2

[Event "Valasska Bystrice Open"]
[Site "?"]
[Date "2011.09.11"]
[Round "3.17"]
[White "Vaculik, Jakub"]
[Black "Stanek, Stanislav"]
[Result "1/2-1/2"]
[WhiteElo "1783"]
[BlackElo "2024"]
[PlyCount "65"]
[EventDate "2011.09.10"]

1. e4 e5 2. Nf3 d6 3. d4 Qe7 4. dxe5 dxe5 5. Bc4 Be6 6. Bxe6 Qxe6 7. O-O Be7 8.
Be3 Nd7 9. c3 Ngf6 10. Nfd2 Bc5 11. Qe2 Bxe3 12. Qxe3 Qb6 13. Qxb6 axb6 14. f3
Ke7 15. Nb3 Rhd8 16. Na3 c6 17. Nc4 b5 18. Ne3 g6 19. a3 Nb6 20. Nc5 Nfd7 21.
Nxd7 Rxd7 22. Rad1 Rad8 23. Rxd7+ Rxd7 24. Rd1 Rxd1+ 25. Nxd1 Nc4 26. Kf2 Kd6
27. Ke2 Ke6 28. Kd3 h5 29. a4 Nd6 30. axb5 Nxb5 31. Ne3 Nd6 32. Nc4 Nxc4 33.
Kxc4 1/2-1/2